Oxford dictionary of modern slang. (رقم التسجيلة. 19560)

تفاصيل مارك
000 -الفاتح
حقل البيانات ثابتة الطول 00990pam a2200313 a 4500
001 - رقم الضبط
رقم الضبط 015396876
003 - محدد رقم الضبط
رقم الضبط Uk
005 - وقت وتاريخ اخر تعامل مع التسجيلة
رقم الضبط 20150408113956.0
008 - عناصر البيانات ثابتة الطول - معلومات عامة
حقل البيانات ثابتة الطول 111213r20102008enk d 001 0 eng d
015 ## - رقم الببليوجرافية الوطنية
رقم الببليوجرافية الوطنية GBA9A1549
المصدر bnb
020 ## - الرقم الدولى المعيارى للكتب
الرقم الدولى المعيارى للكتاب 9780199232055 (pbk.) :
شروط الاتاحة £9.99
020 ## - الرقم الدولى المعيارى للكتب
الرقم الدولى المعيارى للكتاب 0199232059 (pbk.) :
شروط الاتاحة £9.99
040 ## - مصدر الفهرسة
وكالة الفهرسة الأصلية StDuBDS
لغة الفهرسة eng
وكالة النسخ StDuBDS
وكالة التعديل Uk
042 ## - رمز التحقق
رمز التحقق ukblcatcopy
082 04 - رقم تصنيف ديوى العشرى
رقم التصنيف 427.09 O X D
رقم الطبعة 22
245 00 - بيان العنوان
العنوان Oxford dictionary of modern slang.
250 ## - بيان الطبعة
بيان الطبعة 2nd ed. /
بقية بيان الطبعة John Ayto, John Simpson.
260 ## - PUBLICATION, DISTRIBUTION, ETC. (IMPRINT)
مكان الناشر او الموزع Oxford :
اسم الناشر او الموزع Oxford University Press,
تاريخ النشر أو التوزيع 2010.
300 ## - الوصف المادى
التعداد xi, 408 p. ;
أبعاد الوعاء 20 cm.
490 0# - بيان السلسلة
عنوان السلسلة Oxford paperback reference
500 ## - تبصرة عامة
تبصرة عامة This ed. originally published: 2008.
500 ## - تبصرة عامة
تبصرة عامة Includes thematic index.
500 ## - تبصرة عامة
تبصرة عامة Formerly CIP.
الهيئة التي ينطبق عليها الحقل Uk
650 #0 - المدخل الاضافى بالموضوع-مصطلح موضوعى
مصطلح موضوعي أو اسم جغرافي كعنصر مدخل English language
التقسيم الفرعي العام Slang
التقسيم الفرعي الشكلي Dictionaries.
9 (RLIN) 5660
700 1# - المدخل الاضافى - اسم شخصى
الإسم الشخصى Ayto, John.
9 (RLIN) 5661
700 1# - المدخل الاضافى - اسم شخصى
الإسم الشخصى Simpson, J. A.,
التواريخ المصاحبة للاسم 1953-
9 (RLIN) 7773
942 ## - عناصر المدخل الإضافي( كوها)
مصدر التصنيف او مخطط الترفيف Dewey Decimal Classification
Koha [default] item type DVD
المقتنيات
حالة الفقد نموذج السعر الفعال حالة تلف ليس للاعارة رقم الطلب تاريخ الاكتساب الموقع الحالي الباركود الفرع الرئيسي Date last seen نوع المادة فى نظام كوها مصدر التصنيف او خطة الترفيف Total Checkouts
  2013-03-10     427.09 O X D 2011-12-13 قسم الاجراءات الفنية (IC) 00100889 قسم الاجراءات الفنية (IC) 2013-03-10 كتاب Dewey Decimal Classification  
  2013-03-10     427.09 O X D 2011-12-13 قسم الاجراءات الفنية (IC) 00100890 قسم الاجراءات الفنية (IC) 2013-03-10 كتاب Dewey Decimal Classification